Genesis Albums Tile Select - Statistics

General Stats
  • This quiz has been taken 48 times
  • The average score is 35 of 45
Answer Stats
Question Tile Select % Correct
the following songs that are on Foxtrot (1972). Supper's Ready Yes
98%
the following songs that are on The Lamb Lies Down on Broadway (1974). Back in N.Y.C. Yes
95%
the following songs that are on Foxtrot (1972). Dancing with the Moonlit Knight No
95%
the following songs that are on Selling England by the Pound (1973). I Know What I Like (In Your Wardrobe) Yes
95%
the following songs that are on Invisible Touch (1986). Land of Confusion Yes
95%
the following songs that are on We Can't Dance (1991). Jesus He Knows Me Yes
93%
the following songs that are on The Lamb Lies Down on Broadway (1974). More Fool Me No
90%
the following songs that are on The Lamb Lies Down on Broadway (1974). The Carpet Crawlers Yes
90%
the following songs that are on Foxtrot (1972). The Musical Box No
90%
the following songs that are on The Lamb Lies Down on Broadway (1974). After the Ordeal No
88%
the following songs that are on We Can't Dance (1991). Silver Rainbow No
88%
the following songs that are on Foxtrot (1972). Watcher of the Skies Yes
88%
the following songs that are on Selling England by the Pound (1973). Can-Utility and the Coastliners No
85%
the following songs that are on Selling England by the Pound (1973). Get 'Em Out by Friday No
85%
the following songs that are on The Lamb Lies Down on Broadway (1974). In the Cage Yes
85%
the following songs that are on Genesis (1983). Mama Yes
85%
the following songs that are on Genesis (1983). Man on the Corner No
85%
the following songs that are on Foxtrot (1972). The Fountain of Salmacis No
85%
the following songs that are on Genesis (1983). Follow You Follow Me No
83%
the following songs that are on Genesis (1983). Keep It Dark No
83%
the following songs that are on Genesis (1983). Second Home by the Sea Yes
83%
the following songs that are on Genesis (1983). That's All Yes
83%
the following songs that are on Invisible Touch (1986). Tonight, Tonight, Tonight Yes
83%
the following songs that are on Selling England by the Pound (1973). Firth of Fifth Yes
80%
the following songs that are on Invisible Touch (1986). No Son of Mine No
80%
the following songs that are on Selling England by the Pound (1973). The Battle of Epping Forest Yes
80%
the following songs that are on Genesis (1983). Behind the Lines No
78%
the following songs that are on Invisible Touch (1986). Hold On My Heart No
78%
the following songs that are on Invisible Touch (1986). Never a Time No
78%
the following songs that are on The Lamb Lies Down on Broadway (1974). The Chamber of 32 Doors Yes
78%
the following songs that are on We Can't Dance (1991). Illegal Alien No
76%
the following songs that are on We Can't Dance (1991). Just a Job to Do No
76%
the following songs that are on Foxtrot (1972). Time Table Yes
76%
the following songs that are on Invisible Touch (1986). In Too Deep Yes
73%
the following songs that are on Selling England by the Pound (1973). The Cinema Show Yes
73%
the following songs that are on Invisible Touch (1986). Domino Yes
71%
the following songs that are on We Can't Dance (1991). Throwing It All Away No
68%
the following songs that are on We Can't Dance (1991). Fading Lights Yes
63%
the following songs that are on Genesis (1983). Taking It All Too Hard Yes
61%
the following songs that are on Invisible Touch (1986). The Brazilian Yes
61%
the following songs that are on We Can't Dance (1991). Way of the World Yes
59%
the following songs that are on We Can't Dance (1991). Tell Me Why Yes
54%
the following songs that are on We Can't Dance (1991). Living Forever Yes
51%
the following songs that are on Genesis (1983). It's Gonna Get Better Yes
49%
the following songs that are on Invisible Touch (1986). Anything She Does Yes
41%
No matching quizzes found
Score Distribution
Percent of People with Each Score
Percentile by Number Answered
Your Score History
You have not taken this quiz